LEADER 02545cam a2200697 a 4500
001 nkc20112199573
003 CZ PrNK
005 20210322102044.0
007 ta
008 110520s2011 xr ace g 000 fbcze d
015 |a cnb002199573 
020 |a 978-80-7388-506-9  |q (váz.)  |z 978-807388-506-9 
035 |a (OCoLC)752796093 
040 |a KLG001  |b cze  |d ABA001  |d BOA001  |d OLA001 
043 |a e-pl---  |a e-xr--- 
045 |a x4x4  |a x3x4 
072 7 |a 821.162.3-3  |x Česká próza  |2 Konspekt  |9 25 
072 7 |a 929  |x Biografie  |2 Konspekt  |9 8 
080 |a 821.162.3-31  |2 MRF 
080 |a 343.8-051  |2 MRF 
080 |a 929  |2 MRF 
080 |a (=411.16)  |2 MRF 
080 |a 323.28  |2 MRF 
080 |a 323.12"1939/1945"  |2 MRF 
080 |a 343.819.5  |2 MRF 
080 |a 343.368.4  |2 MRF 
080 |a 94(100)"1939/1945"  |2 MRF 
080 |a (437.3)  |2 MRF 
080 |a (438)  |2 MRF 
080 |a (0:82-312.6)  |2 MRF 
100 1 |a Kulka, Erich,  |d 1911-1995  |7 jk01070825  |4 aut 
245 1 0 |a Útěk z tábora smrti :  |b Osvětim 1944 /  |c Erich Kulka 
246 3 0 |a Osvětim 1944 
260 |a V Praze :  |b XYZ,  |c 2011 
300 |a 275 s. :  |b il., portréty, 1 plán ;  |c 22 cm 
504 |a Obsahuje bibliografii a bibliografické odkazy 
600 1 7 |a Lederer, Vítězslav,  |d 1904-1972  |7 xx0138087  |2 czenas 
610 2 7 |a Osvětim (koncentrační tábor)  |7 olak2003164504  |2 czenas 
648 7 |a 1944  |7 ch967320  |2 czenas 
648 7 |a 1939-1945  |7 ch460653  |2 czenas 
650 0 7 |a vězni  |7 ph127393  |z Česko  |y 1939-1945  |2 czenas 
650 0 7 |a Židé  |7 ph127782  |x perzekuce  |y 1939-1945  |2 czenas 
650 0 7 |a holocaust (1939-1945)  |7 ph117203  |2 czenas 
650 0 7 |a koncentrační tábory  |7 ph121782  |z Polsko  |y 1939-1945  |2 czenas 
650 0 7 |a útěky z vězení  |7 ph203875  |y 1939-1945  |2 czenas 
650 0 7 |a druhá světová válka (1939-1945)  |7 ph117270  |2 czenas 
650 0 9 |a prisoners  |z Czechia  |y 1939-1945  |2 eczenas 
650 0 9 |a Jews  |x persecutions  |y 1939-1945  |2 eczenas 
650 0 9 |a holocaust (1939-1945)  |2 eczenas 
650 0 9 |a concentration camps  |z Poland  |y 1939-1945  |2 eczenas 
650 0 9 |a escapes from prison  |y 1939-1945  |2 eczenas 
650 0 9 |a World War (1939-1945)  |2 eczenas 
655 7 |a české romány  |7 fd133974  |2 czenas 
655 7 |a biografické romány  |7 fd131905  |2 czenas 
655 9 |a Czech fiction  |2 eczenas 
655 9 |a biographical novels  |2 eczenas 
910 2 |a BOA001  |b 2-1270.069 
990 |a BK 
995 |a 01 
991 |b 201107  |e b 
996 6 |b 2610483719  |c 2-1270.069  |l MZK  |r Sklad / do 1 hodiny  |n 7  |p p.v.  |w 001190723  |u 000010  |a 1  |e BOA001  |j MZK50  |s P